00450nam a2200157Ia 45000010006000000050017000060080041000230410008000640820015000721000022000872450130001092600009002393000028002486500008002766540008002841629220260306170258.0260306t2013||||xx |||||||||||||| ||und|| aESP a347.6bG86 aGuerra, LuizeAUT 0aCrisis financiera global:bcrisis económica internacional, crisis de las economías y empresas, legislación y casuistica c2013 a308 páginas :c24 cm. aGEN aCDE